Total Drama Characters - Statistics

General Stats
  • This quiz has been taken 2,490 times
  • The average score is 20 of 26
Answer Stats
Hint Answer % Correct
Goth Gwen
98%
Fat Owen
98%
Punk Duncan
95%
Host Chris
92%
Cook Chef
91%
Party Boy Geoff
85%
Manipulative Player Heather
85%
CIT Courtney
84%
Blond Lindsay
84%
Surfer Bridgette
83%
Gentle Giant DJ
80%
Male Model Justin
80%
Skinny BFF Katie
79%
Chubby BFF Sadie
79%
Guitarist Trent
78%
Black Girl LeShawna
75%
Sexist Ezekiel
74%
Bad Tempered Eva
73%
Napoleon Dynamite Clone Harold
73%
Sarcastic Noah
73%
Untalented Jock Tyler
73%
Techno Geek Cody
72%
'Al' Alejandro
61%
Nice One Beth
60%
Crazy, Insane, Chased By The RCMP Izzy
22%
Stalker Seirra
12%
No matching quizzes found
Score Distribution
Percent of People with Each Score
Percentile by Number Answered
Your Score History
You have not taken this quiz